Largest Exports of Every Country - Statistics

General Stats
  • This quiz has been taken 230 times
    215 since last reset
  • The average score is 57 of 189
Answers on the Map
Answers color-coded by a green-red scale on the quiz's map according to % correct below.
 
Answer Stats
Country Export % Correct
Austria | Belgium | Mexico | +7 others Cars
69%
Andorra Cars
68%
Czech Republic | Germany | Hungary | Japan Cars
65%
Afghanistan | Burkina Faso | Burundi | +18 others Gold
62%
Cape Verde | Federated States of Micronesia | Grenada | +6 others Fish
52%
Botswana | Israel | Lesotho Diamonds
48%
Ethiopia Coffee
45%
Central African Republic | Gambia | Latvia | Solomon Islands Wood
45%
Indonesia | Mongolia | Mozambique Coal
44%
Algeria | Angola | Azerbaijan | +24 others Crude Petroleum
42%
Benin Raw Cotton
42%
Ukraine Corn
41%
Guatemala Bananas
29%
Fiji Water
29%
France Aircrafts
27%
Ivory Coast Cocoa Beans
25%
New Zealand Milk
25%
Belize Raw Sugar
23%
Australia | Mauritania Iron Ore
22%
Kenya | Sri Lanka Tea
22%
Iceland | Montenegro Aluminum
20%
Bahrain | Belarus | Bulgaria | +15 others Refined Petroleum
20%
Bahamas Ships
20%
Barbados Liquor
18%
Argentina | Brazil | Paraguay Soybean Meal
18%
Bosnia and Herzegovina | Laos Electricity
17%
Bolivia | Brunei | Myanmar | +5 others Petroleum Gas
16%
Syria Olive Oil
15%
Antigua and Barbuda Ships
14%
Malawi Tobacco
14%
Tonga Vegetables
14%
Nepal Palm Oil
13%
Ireland Pharmaceuticals
13%
Cyprus | Guyana | Liberia | Marshall Islands Ships
13%
Cuba Rolled Tobacco
12%
Albania Footwear
10%
Djibouti Animals
8%
Guinea-Bissau Nuts
8%
Armenia | Chile | Georgia | +2 others Copper Ore
7%
Madagascar Vanilla
7%
Jordan Fertilizer
6%
El Salvador | Haiti | Nicaragua T-shirts
6%
Saint Lucia Crude Petroleum
4%
Malaysia | Philippines | Singapore | South Korea Integrated Circuits
4%
Thailand Machine Parts
3%
China | Estonia | Vietnam Broadcasting Equipment
2%
Comoros Cloves
2%
Cambodia | Honduras Sweaters
2%
Jamaica Aluminum Oxide
1%
North Macedonia Chemical Products
1%
Pakistan Linens
1%
Costa Rica | Dominica Medical Instruments
1%
Denmark | Italy | Slovenia Packaged Medicaments
1%
Zambia Raw Copper
1%
Democratic Republic of the Congo Refined Copper
1%
Bangladesh Suits
1%
Sierra Leone Titanium Ore
1%
Poland | Romania Vehicle Parts
1%
Uruguay Woodpulp
1%
Bhutan Ferroalloys
0%
São Tomé and Príncipe Gas Turbines
0%
Moldova | Serbia | Tunisia Insulated Wire
0%
Luxembourg Iron Blocks
0%
Saint Kitts and Nevis Protection Equipment
0%
San Marino Washing and Bottling Machines
0%
No matching quizzes found
Score Distribution
Percent of People with Each Score
Percentile by Number Answered
Your Score History
You have not taken this quiz since the last reset